Adult and lifelong learning : (Record no. 170211)

MARC details
000 -LEADER
fixed length control field 00574nam a22001697a 4500
005 - DATE AND TIME OF LATEST TRANSACTION
control field 20191212113210.0
010 ## - LCCN (DPL NO)
LC control number ENG-127092
020 ## - INTERNATIONAL STANDARD BOOK NUMBER
Terms of availability 300.00
International Standard Book Number 8187501014
035 ## - SYSTEM CONTROL NUMBER
System control number EN-110624
037 ## - SOURCE OF ACQUISITION
Source of stock number/acquisition DBAD/PUB
082 ## - DEWEY DECIMAL CLASSIFICATION NUMBER
Classification number 374.954
245 ## - TITLE STATEMENT
Title Adult and lifelong learning :
Statement of responsibility, etc ed.by V.Mohankumar
Remainder of title selected articles /
260 ## - PUBLICATION, DISTRIBUTION, ETC. (IMPRINT)
Place of publication, distribution, etc New Delhi
Name of publisher, distributor, etc Indian adult education association
Date of publication, distribution, etc 2014
270 ## - ADDRESS
Address Indian adult education association
City New Delhi
Postal code 110002
Telephone number 011-23379306
Electronic mail address iaeadelhi@gmail.com
300 ## - PHYSICAL DESCRIPTION
Extent 244p.
Dimensions 21cm(Hb)
942 ## - ADDED ENTRY ELEMENTS (KOHA)
Source of classification or shelving scheme Dewey Decimal Classification
Item type English Books
Classification part 374.954
Call number suffix ADU
Holdings
Withdrawn status Lost status Not for loan Collection code Home library Current library Date acquired Source of acquisition Cost, normal purchase price Full call number Barcode Copy number Cost, replacement price Koha item type
      Non-fiction Central Library Central Library 12/12/2019 DBAD/PUB 300.00 374.954 ADU EN-110624 1 300.00 English Books

© Delhi Public Library
Hit Counter
free hit counter